Pedagogía de la igualdad : ensayos contra la educación excluyente /
Guardado en:
| Autor Principal: | |
|---|---|
| Formato: | Libro |
| Publicado: |
Buenos Aires :
Siglo Xxi,
2012
|
| Materias: | |
| Etiquetas: |
Agregar Etiqueta
Sin Etiquetas, Sea el primero en etiquetar este registro!
|
| LEADER | 00831nam a22002055a 4500 | ||
|---|---|---|---|
| 001 | EHU.bham042575 | ||
| 003 | AR-BHAM | ||
| 005 | 20140529130521.0 | ||
| 008 | 130507s2012##################000#0#####d | ||
| 020 | |a 9789876291729 | ||
| 082 | 3 | 7 | |a 370.19 |
| 100 | 1 | |a Gentili, Pablo | |
| 245 | 1 | 0 | |a Pedagogía de la igualdad : |b ensayos contra la educación excluyente / |c Pablo Gentili |
| 260 | |a Buenos Aires : |b Siglo Xxi, |c 2012 | ||
| 300 | |a 192 p. (p.áginas en blanco p.or error de imp.resión) | ||
| 500 | |a Advertencia: páginas en blanco por error de impresión.98-99 / 102-103 / 106-107 / 110-111 / 114-115 / 122-123 / 126-127 / 128... | ||
| 653 | |a Educación y pedagogía | ||
| 653 | |a Educación-sociología de la | ||
| 653 | |a América latina-educación | ||
| 859 | |a AR-BHAM |b BIB. HUMANIDADES - General |h 370.19 |i G289-1 |p 198.14 |t Ej.1 | ||
